[Event "Titled Tuesday intern op 23rd Aug Early"]
[Site "Chess.com INT"]
[Date "2022.08.23"]
[Round "4"]
[White "Harish, Neeraj"]
[Black "Shailendra, Bodade"]
[Result "0-1"]
[WhiteElo "1963"]
[BlackElo "2227"]
[PlyCount "32"]
[EventDate "2022.08.23"]
[EventType "swiss (blitz)"]
[EventRounds "11"]
[EventCountry "USA"]
[SourceTitle "EXT 2023"]
[Source "ChessBase"]
[SourceDate "2022.10.05"]
[SourceVersion "1"]
[SourceVersionDate "2022.10.05"]
[SourceQuality "1"]

1. e4 c5 2. Nf3 d6 3. d4 cxd4 4. Nxd4 Nf6 5. Nc3 g6 6. Be3 Bg7 7. f3 0-0 8. Bc4 Nc6 9. Qd2 Bd7 10. 0-0-0 Ne5 11. Bb3 Qa5 12. Kb1 Rfc8 13. Bg5 Nc4 14. Bxc4 Rxc4 15. Nd5 Qxd2 16. Nxe7+ Kf8 0-1

[Event "Titled Tuesday intern op 23rd Aug Early"]
[Site "Chess.com INT"]
[Date "2022.08.23"]
[Round "5"]
[White "Tifferet, Shaked"]
[Black "Shailendra, Bodade"]
[Result "1-0"]
[WhiteElo "2214"]
[BlackElo "2227"]
[PlyCount "29"]
[EventDate "2022.08.23"]
[EventType "swiss (blitz)"]
[EventRounds "11"]
[EventCountry "USA"]
[SourceTitle "EXT 2023"]
[Source "ChessBase"]
[SourceDate "2022.10.05"]
[SourceVersion "1"]
[SourceVersionDate "2022.10.05"]
[SourceQuality "1"]

1. e4 c5 2. c3 d5 3. exd5 Qxd5 4. d4 Nf6 5. Nf3 cxd4 6. cxd4 Nc6 7. Nc3 Qd8 8. d5 Nb8 9. Bf4 a6 10. Qa4+ Bd7 11. Qb3 b5 12. a4 bxa4 13. Qb7 a3 14. Qxa8 axb2 15. Rb1 1-0